Central Library OPAC University of Rajshahi

The wide net and other stories / (Record no. 17975)

MARC details
000 -LEADER
fixed length control field 00856cam a22002651a 4500
001 - CONTROL NUMBER
control field 17975
003 - CONTROL NUMBER IDENTIFIER
rucl marc code BD-RjUL
005 - DATE AND TIME OF LATEST TRANSACTION
control field 20211209000223.0
008 - FIXED-LENGTH DATA ELEMENTS--GENERAL INFORMATION
fixed length control field 140219s1943 nyu 000 1 eng d
035 ## - SYSTEM CONTROL NUMBER
System control number (BD-RjUL)18033
System control number (OCoLC)8000347
040 ## - CATALOGING SOURCE
Original cataloging agency DLC
Transcribing agency ScRhW
Modifying agency OCoLC
-- ODaWU
-- OCoLC
-- OU
-- BD-RjUL
Language of cataloging eng
041 ## - LANGUAGE CODE
Language code of text/sound track or separate title eng
082 ## - DEWEY DECIMAL CLASSIFICATION NUMBER
Classification number 813.08
Author mark and year WEW 1943
100 1# - MAIN ENTRY--PERSONAL NAME
Personal name Welty, Eudora,
Dates associated with a name 1909-2001.
9 (RLIN) 55419
245 14 - TITLE STATEMENT
Title The wide net and other stories /
Statement of responsibility, etc. by Eudora Welty.
250 ## - EDITION STATEMENT
Edition statement 1st ed.
260 ## - PUBLICATION, DISTRIBUTION, ETC. (IMPRINT)
Place of publication, distribution, etc. New York :
Name of publisher, distributor, etc. Harcourt, Brace and Company,
Date of publication, distribution, etc. c1943.
300 ## - PHYSICAL DESCRIPTION
Pagination 214 p. ;
Size 20 cm.
505 0# - FORMATTED CONTENTS NOTE
Formatted contents note First love -- The wide net -- A still moment -- Asphodel -- The winds -- The purple hat -- Livvie -- At the landing.
650 ## - SUBJECT ADDED ENTRY--TOPICAL TERM
Topical term or geographic name as entry element Short stories
9 (RLIN) 55420
942 ## - ADDED ENTRY ELEMENTS (KOHA)
Source of classification or shelving scheme Dewey Decimal Classification
Koha item type Books
Holdings
Lost status Source of classification or shelving scheme Damaged status Not for loan Collection code Permanent Location Current Location Shelving location Date acquired Source of acquisition Cost, normal purchase price Total Checkouts Full call number Date last seen Copy number Koha item type
  Dewey Decimal Classification   Not For Loan Fiction Central Library, University of Rajshahi Central Library, University of Rajshahi Reading Room 28/04/1965 Zeitlinger 28.00   813.08 WEW 1943 19/02/2014 C-1 Books